000 00389 a2200133 4500
001 88091
082 _aPR 330
090 _c41502
_d41502
100 _aTariq Mehmood, 2986
245 _aDesign parameters estimation of the air conditioning system of super mushshak aircraft
260 _aRisalpur
_bNUST Risalpur
_c2004
300 _avii, 46p.
_eZubair Islam
500 _aBE Project Reports
942 _aCAE NUST
_kPR 330
999 _c323164
_d323164